[Event "Budapest Titan Cup 1st"]
[Site "Budapest"]
[Date "2017.01.08"]
[Round "5"]
[White "Bilku, Andras"]
[Black "Vereb, Andras"]
[Result "1-0"]
[WhiteElo "1575"]
[BlackElo "1823"]
[PlyCount "91"]
[EventDate "2017.01.06"]
[EventType "swiss"]
[EventRounds "5"]
[EventCountry "HUN"]
[SourceTitle "CBM 176 Extra"]
[Source "ChessBase"]
[SourceDate "2017.03.02"]
[SourceVersion "1"]
[SourceVersionDate "2017.03.02"]
[SourceQuality "1"]

1. d4 Nf6 2. c4 e6 3. Nc3 d5 4. cxd5 exd5 5. Bg5 c6 6. Qc2 Be7 7. e3 Nbd7 8. Bd3 h6 9. Bh4 0-0 10. Nf3 Nh5 11. Bxe7 Qxe7 12. 0-0 Nhf6 13. Nd2 Qd6 14. h3 b5 15. a3 Bb7 16. Rae1 Rfe8 17. f4 a6 18. Nf3 c5 19. g4 b4 20. dxc5 Nxc5 21. axb4 Nxd3 22. Qxd3 Qxb4 23. Qd4 Qxd4 24. Nxd4 Ne4 25. Nxe4 dxe4 26. f5 Bd5 27. h4 Rab8 28. Rf2 Rb7 29. Ra1 Bc4 30. Rc1 Bd3 31. g5 Reb8 32. b3 h5 33. f6 g6 34. Nc6 Re8 35. Ne7+ Kf8 36. Rc6 Rxb3 37. Nxg6+ fxg6 38. f7 Reb8 39. Rxg6 Rb1+ 40. Kg2 Bc4 41. Rg8+ Ke7 42. f8Q+ Rxf8 43. Rgxf8 Rb2 44. Rxb2 Kxf8 45. Rb4 Bd3 46. Kg3 1-0

[Event "Budapest Titan Cup 1st"]
[Site "Budapest"]
[Date "2017.01.07"]
[Round "2"]
[White "Vereb, Andras"]
[Black "Farsang, Peter"]
[Result "0-1"]
[WhiteElo "1823"]
[BlackElo "2086"]
[PlyCount "60"]
[EventDate "2017.01.06"]
[EventType "swiss"]
[EventRounds "5"]
[EventCountry "HUN"]
[SourceTitle "CBM 176 Extra"]
[Source "ChessBase"]
[SourceDate "2017.03.02"]
[SourceVersion "1"]
[SourceVersionDate "2017.03.02"]
[SourceQuality "1"]

1. e4 c5 2. Nf3 d6 3. d4 cxd4 4. Nxd4 Nf6 5. Nc3 a6 6. Bg5 e6 7. Be2 Be7 8. 0-0 0-0 9. Qd2 b5 10. a3 Bb7 11. f3 Qc7 12. Rfd1 Rd8 13. Be3 Nbd7 14. Rac1 Ne5 15. Qe1 Nc4 16. Bxc4 Qxc4 17. Qf2 b4 18. axb4 Qxb4 19. Nb3 e5 20. Ra1 Bc6 21. Na5 Be8 22. Ra2 Rdc8 23. Bg5 Bd8 24. Nd5 Nxd5 25. Bxd8 Rxd8 26. Rxd5 Rac8 27. c3 Rxc3 28. bxc3 Qb1+ 29. Qf1 Qxa2 30. Qxa6 Rb8 0-1

[Event "Puspokladany Arnoth Memorial 07th"]
[Site "Puspokladany"]
[Date "2014.07.18"]
[Round "4"]
[White "Vereb, Andras"]
[Black "Egri, Laszlo Jr"]
[Result "0-1"]
[WhiteElo "1904"]
[BlackElo "2138"]
[PlyCount "82"]
[EventDate "2014.07.16"]
[EventType "swiss"]
[EventRounds "9"]
[EventCountry "HUN"]
[SourceTitle "EXT 2016"]
[Source "ChessBase"]
[SourceDate "2015.10.08"]
[SourceVersion "1"]
[SourceVersionDate "2015.10.08"]
[SourceQuality "1"]

1. e4 c5 2. Nf3 e6 3. d4 cxd4 4. Nxd4 Nf6 5. Nc3 d6 6. Be2 Be7 7. 0-0 0-0 8. Be3 a6 9. a4 Qc7 10. f4 Nc6 11. Nb3 Na5 12. Nxa5 Qxa5 13. Bf3 Bd7 14. Qd2 Qc7 15. a5 Bc6 16. Bb6 Qb8 17. Qf2 Nd7 18. Bd4 e5 19. Be3 exf4 20. Bxf4 Ne5 21. Nd5 Bxd5 22. exd5 Qc7 23. c3 g6 24. Be3 Rac8 25. Bd4 f5 26. g3 Bf6 27. Bg2 Nc4 28. Bxf6 Rxf6 29. Qd4 Rf7 30. b4 Ne5 31. Rac1 Qc4 32. Qxc4 Rxc4 33. Rfe1 Rfc7 34. Rxe5 dxe5 35. d6 Rxc3 36. Rxc3 Rxc3 37. Bxb7 Rd3 38. Bxa6 Rxd6 39. Bc4+ Kf8 40. a6 Ke7 41. a7 Rd1+ 0-1

[Event "HUN-chT2 Erkel 0809"]
[Site "Hungary"]
[Date "2009.03.08"]
[Round "9.11"]
[White "Fendrich, Zoltan"]
[Black "Vereb, Andras"]
[Result "1-0"]
[WhiteElo "1962"]
[BlackElo "2025"]
[PlyCount "41"]
[EventDate "2008.10.26"]
[EventType "team-tourn"]
[EventRounds "11"]
[EventCountry "HUN"]
[SourceTitle "EXT 2010"]
[Source "ChessBase"]
[SourceDate "2010.11.25"]
[SourceVersion "1"]
[SourceVersionDate "2010.11.25"]
[SourceQuality "1"]
[WhiteTeam "Vaci"]
[BlackTeam "Jaszbereny"]
[WhiteTeamCountry "HUN"]
[BlackTeamCountry "HUN"]

1. e4 c5 2. Nf3 e6 3. c4 Nc6 4. Nc3 a6 5. d4 cxd4 6. Nxd4 Qc7 7. a3 Nf6 8. Be3 Be7 9. Be2 0-0 10. b4 Nxd4 11. Bxd4 d6 12. 0-0 b6 13. Rc1 Bb7 14. f3 Nd7 15. Qd2 Rfd8 16. Rfd1 Bc6 17. Nd5 Bxd5 18. cxd5 Qb7 19. Rc6 Rac8 20. Rdc1 b5 21. Qc3 1-0

[Event "HUN-chT2 Erkel 0809"]
[Site "Hungary"]
[Date "2008.10.26"]
[Round "1.10"]
[White "Vereb, Andras"]
[Black "Piroska, Istvan"]
[Result "0-1"]
[WhiteElo "2025"]
[BlackElo "2121"]
[PlyCount "71"]
[EventDate "2008.10.26"]
[EventType "team-tourn"]
[EventRounds "11"]
[EventCountry "HUN"]
[SourceTitle "EXT 2010"]
[Source "ChessBase"]
[SourceDate "2010.11.25"]
[SourceVersion "1"]
[SourceVersionDate "2010.11.25"]
[SourceQuality "1"]
[WhiteTeam "Jaszbereny"]
[BlackTeam "PSE II"]
[WhiteTeamCountry "HUN"]
[BlackTeamCountry "HUN"]

1. e4 e5 2. Nf3 Nc6 3. Bb5 a6 4. Ba4 Nf6 5. 0-0 Be7 6. Re1 b5 7. Bb3 d6 8. c3 0-0 9. h3 Na5 10. Bc2 c5 11. d4 Qc7 12. d5 Bd7 13. Nbd2 c4 14. Nf1 Nb7 15. Be3 Nc5 16. Ng3 a5 17. Qe2 Rfe8 18. Nh2 Rab8 19. Bxc5 Qxc5 20. Qe3 Qc7 21. a3 Qb7 22. Qd2 b4 23. Rab1 Bd8 24. f4 Bb6+ 25. Kh1 Qa7 26. Re2 bxc3 27. bxc3 Bc5 28. fxe5 dxe5 29. Ra1 Rb2 30. Qc1 Qb6 31. Bd3 Rxe2 32. Bxe2 Be3 33. Qb1 Qc5 34. Qa2 Bf4 35. Nhf1 Qf2 36. Bf3 0-1

[Event "HUN-chT2 Erkel 0708"]
[Site "Hungary"]
[Date "2008.05.18"]
[Round "11"]
[White "Horvath, David G"]
[Black "Vereb, Andras"]
[Result "0-1"]
[WhiteElo "1877"]
[BlackElo "2038"]
[PlyCount "145"]
[EventDate "2007.10.14"]
[EventType "team"]
[EventRounds "11"]
[EventCountry "HUN"]
[SourceTitle "EXT 2009"]
[Source "ChessBase"]
[SourceDate "2008.11.26"]
[SourceVersion "1"]
[SourceVersionDate "2008.11.26"]
[SourceQuality "1"]
[WhiteTeam "Dunaharaszti II"]
[BlackTeam "Jaszbereny"]
[WhiteTeamCountry "HUN"]
[BlackTeamCountry "HUN"]

1. d4 Nf6 2. c4 e6 3. Nf3 b6 4. g3 Ba6 5. b3 b5 6. Bg2 bxc4 7. Ne5 d5 8. bxc4 c6 9. cxd5 exd5 10. 0-0 Bd6 11. Re1 0-0 12. Bg5 h6 13. Bd2 Re8 14. Nf3 Ne4 15. Nc3 Nxd2 16. Qxd2 Nd7 17. Qc2 Qa5 18. Nd2 Bb4 19. Nb3 Qd8 20. a3 Bd6 21. e4 Rc8 22. e5 Bf8 23. Na4 Bc4 24. Bf1 Bb5 25. Nac5 Nb6 26. a4 Bxf1 27. Kxf1 Nc4 28. Qc3 Rb8 29. Rab1 Qc8 30. Kg2 Qf5 31. Rbc1 Rb6 32. Na5 Rb2 33. Rf1 Bxc5 34. Nxc4 Qe4+ 35. Qf3 Qxf3+ 36. Kxf3 Rb3+ 37. Kg2 Bxd4 38. Na5 Ra3 39. Nxc6 Rxa4 40. Nxd4 Rxd4 41. f4 a5 42. Rfd1 Rc4 43. Rxc4 dxc4 44. Ra1 Ra8 45. Ra4 c3 46. Rc4 a4 47. Rxc3 a3 48. Rc1 a2 49. Ra1 Ra3 50. Kf2 Kh7 51. g4 Kg6 52. h4 h5 53. f5+ Kh7 54. gxh5 Kg8 55. f6 gxf6 56. exf6 Kh7 57. Ke2 Kh6 58. Kd2 Kxh5 59. Kc2 Kxh4 60. Kb2 Ra6 61. Rh1+ Kg5 62. Ka1 Rxf6 63. Kxa2 Rb6 64. Rg1+ Kf5 65. Rf1+ Ke6 66. Re1+ Kd5 67. Rd1+ Ke4 68. Re1+ Kd3 69. Rf1 f6 70. Ka3 Kc2 71. Ka4 Kd3 72. Ka5 Re6 73. Kb5 0-1

[Event "HUN-chT2 Erkel 0607"]
[Site "Hungary"]
[Date "2007.05.06"]
[Round "10"]
[White "Vereb, Andras"]
[Black "Gulyas, Zoltan"]
[Result "1/2-1/2"]
[WhiteElo "2058"]
[BlackElo "2149"]
[PlyCount "96"]
[EventDate "2006.11.12"]
[EventType "team"]
[EventRounds "11"]
[EventCountry "HUN"]
[SourceTitle "EXT 2008"]
[Source "ChessBase"]
[SourceDate "2007.11.25"]
[SourceVersion "1"]
[SourceVersionDate "2007.11.25"]
[SourceQuality "1"]
[WhiteTeam "Szekuritas"]
[BlackTeam "Ujszasz"]
[WhiteTeamCountry "HUN"]
[BlackTeamCountry "HUN"]

1. e4 e6 2. d4 d5 3. Nd2 Nf6 4. e5 Nfd7 5. Bd3 c5 6. c3 Nc6 7. Ne2 cxd4 8. cxd4 Qb6 9. Nf3 Bb4+ 10. Bd2 Bxd2+ 11. Qxd2 Qb4 12. a3 Qxd2+ 13. Nxd2 f6 14. f4 Ndb8 15. 0-0 Bd7 16. b4 a6 17. Nb3 Ke7 18. Nc5 Ra7 19. Nxd7 Nxd7 20. Rac1 f5 21. h3 Nb6 22. g4 g6 23. gxf5 gxf5 24. Kh2 Rg8 25. Rg1 Raa8 26. Rxg8 Rxg8 27. b5 axb5 28. Bxb5 Rc8 29. a4 Na5 30. Rxc8 Nxc8 31. Kg3 Nb6 32. Kf2 Nac4 33. Nc3 Nd2 34. a5 Nbc4 35. a6 bxa6 36. Bxa6 Ne4+ 37. Nxe4 fxe4 38. Bc8 Nb6 39. Ba6 Kf7 40. Be2 Nc4 41. Bh5+ Ke7 42. Bg4 Na3 43. Bd1 h6 44. Ba4 Kf7 45. Bd1 Ke7 46. Ba4 Nc4 47. Bd1 Nb6 48. Bg4 Nc4 1/2-1/2

[Event "HUN-chT2 Erkel 0203"]
[Site "Hungary"]
[Date "2003.03.23"]
[Round "9"]
[White "Vereb, Andras"]
[Black "Kormos, Adam"]
[Result "1/2-1/2"]
[WhiteElo "2079"]
[BlackElo "1939"]
[PlyCount "89"]
[EventDate "2002.09.22"]
[EventType "team"]
[EventRounds "11"]
[EventCountry "HUN"]
[SourceTitle "EXT 2009"]
[Source "ChessBase"]
[SourceDate "2008.11.26"]
[SourceVersion "1"]
[SourceVersionDate "2008.11.26"]
[SourceQuality "1"]

1. e4 c5 2. Nf3 d6 3. d4 cxd4 4. Nxd4 Nf6 5. Nc3 g6 6. Be3 Bg7 7. f3 Nc6 8. Qd2 0-0 9. 0-0-0 Bd7 10. h4 h5 11. Kb1 Rc8 12. Rg1 Ne5 13. Bg5 a6 14. Be2 Nc4 15. Bxc4 Rxc4 16. Rge1 Nh7 17. Be3 b5 18. Nd5 e6 19. Nc3 Qc7 20. Nce2 Rc8 21. Rc1 a5 22. Nb3 b4 23. Nbd4 Qb8 24. g4 Nf6 25. Bh6 a4 26. Bxg7 Kxg7 27. g5 Ne8 28. f4 e5 29. fxe5 dxe5 30. Nf3 Bg4 31. Qd3 Qc7 32. Nd2 Rc6 33. Nf1 Nd6 34. Ne3 Be6 35. Nd5 Qb7 36. Qf3 Rc4 37. Ng3 Ne8 38. Qe3 Bxd5 39. exd5 Qxd5 40. Qxe5+ Qxe5 41. Rxe5 Rxh4 42. Ra5 Rg4 43. Ne2 Rcc4 44. Rxa4 Rxg5 45. c3 1/2-1/2

[Event "HUN-chT2 Erkel 0203"]
[Site "Hungary"]
[Date "2003.02.16"]
[Round "7"]
[White "Vereb, Andras"]
[Black "Botka, Jozsef"]
[Result "1-0"]
[WhiteElo "2079"]
[BlackElo "1947"]
[PlyCount "35"]
[EventDate "2002.09.22"]
[EventType "team"]
[EventRounds "11"]
[EventCountry "HUN"]
[SourceTitle "EXT 2009"]
[Source "ChessBase"]
[SourceDate "2008.11.26"]
[SourceVersion "1"]
[SourceVersionDate "2008.11.26"]
[SourceQuality "1"]

1. e4 c6 2. d4 d5 3. exd5 cxd5 4. c4 Nf6 5. Nc3 Nc6 6. Bg5 dxc4 7. d5 Ne5 8. Qd4 Nd3+ 9. Bxd3 cxd3 10. Qxd3 e6 11. Rd1 exd5 12. Bxf6 Qxf6 13. Nxd5 Qe5+ 14. Ne2 a6 15. f4 Qd6 16. 0-0 Be7 17. Qc4 Be6 18. Nf6+ 1-0

[Event "Cseppko op-B 11th"]
[Site "Aggtelek"]
[Date "2002.07.16"]
[Round "2"]
[White "Vereb, Andras"]
[Black "Banszky, Miklos"]
[Result "1/2-1/2"]
[WhiteElo "2079"]
[BlackElo "1942"]
[PlyCount "38"]
[EventDate "2002.07.??"]
[EventType "swiss"]
[EventRounds "9"]
[EventCountry "HUN"]
[SourceTitle "EXT 2004"]
[Source "ChessBase"]
[SourceDate "2003.11.25"]
[SourceVersion "1"]
[SourceVersionDate "2003.11.25"]
[SourceQuality "1"]

1. e4 c5 2. Nf3 d6 3. d4 cxd4 4. Nxd4 Nf6 5. Nc3 g6 6. Be3 Bg7 7. Be2 0-0 8. 0-0 a6 9. a4 Bd7 10. f4 Nc6 11. Bf3 Rc8 12. Kh1 Na5 13. Bg1 Nc4 14. Ra2 e5 15. Nde2 Be6 16. b3 Na5 17. Qd2 Qc7 18. fxe5 dxe5 19. Qe3 Nc6 1/2-1/2

[Event "Heves Fregatt 7th"]
[Site "Heves"]
[Date "2001.01.27"]
[Round "9"]
[White "Vereb, Andras"]
[Black "Mede, Istvan"]
[Result "1/2-1/2"]
[WhiteElo "2095"]
[BlackElo "2193"]
[PlyCount "33"]
[EventDate "2001.01.19"]
[EventType "tourn"]
[EventRounds "13"]
[EventCountry "HUN"]
[SourceTitle "EXT 2004"]
[Source "ChessBase"]
[SourceDate "2003.11.25"]
[SourceVersion "1"]
[SourceVersionDate "2003.11.25"]
[SourceQuality "1"]

1. e4 e5 2. Nf3 Nc6 3. Bb5 a6 4. Ba4 Nf6 5. 0-0 Be7 6. Re1 b5 7. Bb3 d6 8. c3 0-0 9. h3 Nd7 10. d4 Bf6 11. a4 Bb7 12. d5 Na5 13. axb5 Nxb3 14. Qxb3 Nc5 15. Qc2 axb5 16. Na3 Ba6 17. Be3 1/2-1/2

[Event "Heves Fregatt 7th"]
[Site "Heves"]
[Date "2001.01.23"]
[Round "5"]
[White "Vereb, Andras"]
[Black "Forgo, Janos"]
[Result "0-1"]
[WhiteElo "2095"]
[BlackElo "2062"]
[PlyCount "80"]
[EventDate "2001.01.19"]
[EventType "tourn"]
[EventRounds "13"]
[EventCountry "HUN"]
[SourceTitle "EXT 2004"]
[Source "ChessBase"]
[SourceDate "2003.11.25"]
[SourceVersion "1"]
[SourceVersionDate "2003.11.25"]
[SourceQuality "1"]

1. e4 e5 2. Nf3 Nc6 3. Bb5 a6 4. Ba4 Nf6 5. 0-0 Be7 6. Re1 b5 7. Bb3 0-0 8. a4 Bb7 9. c3 d6 10. d4 Nd7 11. Nbd2 Bf6 12. d5 Ne7 13. Nf1 h6 14. Be3 Kh7 15. Bc2 g6 16. Ng3 Bg7 17. h3 Nf6 18. Nh2 Nxe4 19. Nxe4 f5 20. Ng5+ hxg5 21. Bxg5 Bf6 22. Bxf6 Rxf6 23. Bb3 Qg8 24. f4 e4 25. Qd4 Rff8 26. axb5 axb5 27. Rxa8 Bxa8 28. Nf3 Bxd5 29. Ng5+ Kh6 30. Bxd5 Nxd5 31. Qf2 Nf6 32. Qh4+ Kg7 33. g4 Qd5 34. gxf5 Qxf5 35. Qf2 Re8 36. Qe3 c5 37. Ra1 Re7 38. Ra8 Nd5 39. Qd2 Nxf4 40. Qxd6 Qxg5+ 0-1

[Event "Zemplen Cup-A 10th"]
[Site "Sarospatak"]
[Date "2000.06.30"]
[Round "1.7"]
[White "Borsos, Bogdan"]
[Black "Vereb, Andras"]
[Result "0-1"]
[WhiteElo "2332"]
[BlackElo "2115"]
[PlyCount "104"]
[EventDate "2000.07.02"]
[EventType "swiss"]
[EventRounds "9"]
[EventCountry "HUN"]
[SourceTitle "EXT 2004"]
[Source "ChessBase"]
[SourceDate "2003.11.25"]
[SourceVersion "1"]
[SourceVersionDate "2003.11.25"]
[SourceQuality "1"]

1. e4 c5 2. c3 d5 3. exd5 Qxd5 4. d4 e6 5. Nf3 Nf6 6. Be3 Be7 7. dxc5 Qxd1+ 8. Kxd1 0-0 9. Kc2 a5 10. Nbd2 Bd7 11. Nc4 Nc6 12. Nfe5 Rfd8 13. Be2 Nxe5 14. Nxe5 Ne4 15. Nxd7 Rxd7 16. Bb5 Rc7 17. b4 axb4 18. cxb4 b6 19. Kd3 f5 20. a4 bxc5 21. f3 Rd8+ 22. Ke2 Nc3+ 23. Kf2 cxb4 24. Kg3 Rd5 25. Rhe1 e5 26. Bb6 Nxb5 27. Bxc7 Nxc7 28. a5 Na6 29. Rec1 Bc5 30. Rc4 g5 31. h4 Rd4 32. Rxd4 Bxd4 33. Rb1 h6 34. Kh3 Kf7 35. g4 f4 36. hxg5 hxg5 37. Kg2 Ke6 38. Rh1 Kd5 39. Kf1 b3 40. Ke2 Kc4 41. Kd2 Be3+ 42. Ke2 b2 43. Rb1 Kb3 44. Rxb2+ Kxb2 45. Kd3 Kb3 46. Ke4 Bd4 47. Kf5 Kc3 48. Kxg5 Kd3 49. Kf5 Ke3 50. g5 Kxf3 51. Ke6 e4 52. Kd5 Bg7 0-1

[Event "HUN-chT3 9900"]
[Site "Hungary"]
[Date "2000.04.02"]
[Round "11"]
[White "Mede, Istvan"]
[Black "Vereb, Andras"]
[Result "1-0"]
[WhiteElo "2154"]
[BlackElo "2086"]
[PlyCount "55"]
[EventDate "1999.09.26"]
[EventType "team"]
[EventRounds "11"]
[EventCountry "HUN"]
[SourceTitle "EXT 2002"]
[Source "ChessBase"]
[SourceDate "2001.11.25"]
[SourceVersion "1"]
[SourceVersionDate "2001.11.25"]
[SourceQuality "1"]

1. e4 c5 2. Nf3 e6 3. d4 cxd4 4. Nxd4 Nf6 5. Nc3 d6 6. f4 Qb6 7. Nb3 Nc6 8. Qf3 a6 9. Be3 Qc7 10. 0-0-0 Be7 11. g4 0-0 12. g5 Nd7 13. h4 b5 14. h5 Bb7 15. Bd3 Rac8 16. Kb1 Nc5 17. Qh3 Nxd3 18. cxd3 b4 19. Ne2 a5 20. g6 a4 21. h6 hxg6 22. hxg7 Kxg7 23. Qh6+ Kf6 24. e5+ dxe5 25. fxe5+ Nxe5 26. Bg5+ Kf5 27. Nbd4+ Kg4 28. Qh4# 1-0